UK Panel Show Celebs - Statistics

General Stats
  • This quiz has been taken 384 times
  • The average score is 14 of 16
Answer Stats
Picture Answer % Correct
Jimmy Carr
98%
Alan Carr
95%
David Mitchell
95%
Alan Davies
92%
Noel Fielding
91%
Alex Horne
88%
Sean Lock
87%
Johnny Vegas
86%
Sara Pascoe
84%
Katherine Ryan
82%
Josh Widdicombe
80%
Sarah Millican
80%
Joe Wilkinson
78%
Russell Howard
76%
Rob Beckett
75%
Sandi Toksvig
74%
No matching quizzes found
Score Distribution
Percent of People with Each Score
Percentile by Number Answered
Your Score History
You have not taken this quiz